000 01056nam a22003137a 4500
001 0007321
003 KOHA_MİRAKIL
005 20260207001553.0
007 ta
008 090917b1993 tu |||grd|||#0|||0|tur |
020 _a9751404045
040 _aTR-BiSEU
_btur
_cTR-BiSEU
_erda
041 0 _atur
044 _ctu
050 _aHF1002
_b.H36 1993
100 1 _aHançerlioğlu, Orhan.
245 1 _aTicaret sözlüğü :
_bTürkçe, Osmanlıca, Fransızca, Almanca, İngilizce, İtalyanca, İspanyolca, Latince :
_bticaret terimleri ve ticaretle ilgili ekonomi ve hukuk terimleri/
_cOrhan Hançerlioğlu ; Orhan Hançerlioğlu.
264 1 _aİstanbul :
_bRemzi Kitabevi
_c1993
300 _a628 sayfa
336 _ametin
_btxt
_2rdacontent
337 _aaracısız
_bn
_2rdamedia
338 _acilt
_bnc
_2rdacarrier
490 0 _aBüyük Fikir Kitapları dizisi : 47.
500 _aDizin var.
650 0 _aTicaret--Sözlükler.
_93454
830 0 _aBüyük Fikir Kitapları dizisi : 47.
_918206
907 _aSözlük
942 _2lcc
_cBK
999 _c7300
_d7300